000 00307nam a22001337a 4500
008 170303b xxu||||| |||| 00| 0 eng d
020 _a9780683307467
041 _aeng
080 _210TH
_a616.073
100 _a6
101 _aSHM
245 _aPRACTICAL ELECTROCARDIOGRAPHY
_cWAGNER, G.S
942 _2udc
_cBK
999 _c6696
_d6696